| 000 | 00504nam a2200169 i 4500 | ||
|---|---|---|---|
| 001 | 111059 | ||
| 003 | ES-MaACL | ||
| 005 | 20230906185230.0 | ||
| 007 | t| | ||
| 008 | 061121s1968 sp r ||||1| spa d | ||
| 100 | 1 |
_aNaveros, José Miguel. _985224 |
|
| 245 | 1 | 0 |
_aAlmería en mi tinta / _cJosé Miguel Naveros. |
| 260 |
_aMadrid : _b[s. n.], _c1968 ( _eMadrid : _fGráf. Bachende) |
||
| 300 |
_a130 p. ; _c24 cm. |
||
| 651 | 4 |
_aAlmería- _xDescripción. _9159875 |
|
| 852 |
_aES-MaACL _jC-46646 _bR.65846 |
||
| 999 |
_c111059 _d111059 |
||